| 000 | 00590cam a22002053a 4500 | ||
|---|---|---|---|
| 001 | 34282 | ||
| 003 | PGUSA | ||
| 005 | 20140828083735.0 | ||
| 008 | 101111s2010||||xxu|||||s|||||000 | eng d | ||
| 040 |
_aPGUSA _beng |
||
| 042 | _adc | ||
| 100 | 1 |
_aWoolson, Constance Fenimore, _d1840-1894 |
|
| 245 | 1 | 0 |
_aJupiter Lights _h[electronic resource] / _cConstance Fenimore Woolson |
| 260 |
_bProject Gutenberg, _c2010 |
||
| 506 | _aPublic domain in the USA. | ||
| 516 | _aElectronic text | ||
| 830 | 0 |
_aProject Gutenberg _v34282 |
|
| 856 | 4 | 0 | _uhttp://www.gutenberg.org/ebooks/34282 |
| 942 | _cEB | ||
| 999 |
_c263537 _d263537 |
||